00856nam a2200265Ia 4500008004100000020001600041100002200057245002500079245003100104245005000135260001500185260002000200260000900220300002700229300002600256300001500282500007100297650003300368650003300401650002400434650001400458700000800472999001900480952009100499160803s9999 xx 000 0 und d a0 590473409 aMcDermott, Gerald aAnansi the spider :  ba tale from the Ashanti /  cAdapted and illustrated, by Gerald McDermott. aNew York : bScholastic Inc. c1972 a40 unnumbered pages :  bcolor illustrations.  c20 x 24 cm aOriginally published: New York, Holt, Rinehart and Winston, c1972. aAnansi (Legendary character) aAshanti (African people) --  aFolklore -- Africa. xFolklore. a290 c298907d298907 001040aSSISBbSSISBcLEXd2016-08-03l0pSC-833r2016-08-03 00:00:00w2016-08-03yBK